000 00764nam a22001937a 4500
003 OSt
005 20240614132108.0
008 240614b ||||| |||| 00| 0 eng d
040 _cAIMIT LIBRARY
100 _aKavyashree.
_e2116080
_9170840
245 _aStudy on risk and return analysis of selected from different companies with respect to BSE index /
_cBy Kavyashree ; Guided by Harinakshi.
260 _aUdupi ;
_c2023.
650 _aIndustry profile company profile and introduction to study
_9170841
650 _aResearch methodology
_9170842
650 _aData analysis and interpretation
_9170843
700 _aHarinakshi.
_eGuide
_9170844
856 _3Anandrathi share and stock brokers ltd
_uwww.anandrathi.com
_ywww.anandrathi.com
942 _2ddc
_cPRO
999 _c231179
_d231179